Hardest Marvel Movies Quiz on JetPunk - Statistics

General Stats
  • This quiz has been taken 79 times
  • The average score is 7 of 40
Answer Stats
Question Answer % Correct
Which really strong Avenger member has a shield with a star in the center? Steve Rogers, Captain America
100%
Which character says : You are about to die at the hand of the children of Thanos. Ebony Maw
53%
How old was Pietro when his parents died? 10
51%
What planet does Hulk reach after the events of Avengers: Age of Ultron? Sakaar
49%
What 'Top Gun' character is Captain Marvel's cat named after? Goose
40%
What was Captain America's elite unit known as? The Howling Commandos
37%
How old were Thor and Loki when Loki turned into a snake and stabbed Thor? 12
33%
What does TVA stand for? Time Variance Authority
32%
The Thanos that attacked Earth in Endgame, which year did he come from? 2014
28%
What is the screenname of Korg’s Fortnite opponent in Avengers: Endgame? NoobMaster69
28%
What fake name does Natasha use when she first meets Tony? Natalie Rushman
26%
What's the name of Dr. Strange's object to create a dimensional gateway to another location? Sling Ring
26%
What is the name of the Superhero Registration Act? The Sokovia Accords
26%
What subject does Scott Lang have a masters degree in? Electrical Engineering
18%
What is the disease Pepper is injected with? Extremis
16%
How long was Doctor Strange waiting outside the door of Kamar-Taj Five hours
16%
Where are the Frost Giants from? Jotunheim
16%
Name the neutron star in Avengers Infinity War. Nidavellir
16%
What necklace does Peter buy for M.J.? Black dahlia necklace
14%
What was Okoye scared of when T'Challa opened Wakanda to the world? Olympics, Starbucks
12%
What is the missing item Rocket claims he needs to escape the prison? (A security band, a battery and a...) Prosthetic leg
11%
In Doctor Strange, Strange is given a wifi password... What's the password? Shamballa
11%
In which city did the Black Panther car chase took place? Busan
9%
What did Tony Stark's daughter want to eat after she refused to go back to bed in endgame Juice pops
9%
What does JARVIS stands for? Just A Rather Very Intelligent System
9%
Scott hid an old Ant-Man suit underneath a trophy. What did the trophy say? World's greatest grandma
7%
What was Wanda Maximoff’s favorite sitcom as a child? The Dick Van Dyke Show
5%
What elective class did Thor take on Asgard? Speaking groot
4%
Where did Peggy told Steve to meet her at 8 o'clock? Stork Club
4%
How many tries did it take Peter Parker to unlock the time lock inside the storage volt? 247
2%
In Black Panther, what does Okoye say T'Challa looks like when he freezes? Antelope in headlights
2%
Whose serum was Dr Banner trying to replicate when he turned into the Hulk? Dr Abraham Erskine
2%
In Thor Ragnarok, what tool does the Grandmaster use to punish capital offenses in Sakaar Melt stick
2%
In the Ant-Man, what was Luis arrested for stealing? Smoothie Machine
2%
Who is on the lunch box that Captain Marvel hides the tesseract in? The “Fonz”
2%
Where does Thanos and Gamora first met? Gamora's home planet name. Zen-Whoberi
2%
How many possibilities did Doctor Strange see for the outcome of the Infinity War? 14 million, 6 hundred and 5
0%
In the battle of New York, Captain America asks two cops to set up a perimeter. At what street does that perimeter end? 39th Street
0%
What were the names of the two girls that went on a double date with Steve and Bucky in The First Avenger? Bonnie and Connie
0%
Which children's show is playing on TV while Natasha's "family" prepares to flee? Duck Tales
0%
No matching quizzes found
Score Distribution
Percent of People with Each Score
Percentile by Number Answered
Your Score History
You have not taken this quiz